| 000 | 00583nam a2200205Ia 4500 | ||
|---|---|---|---|
| 003 | BUBTL | ||
| 008 | 151213s9999 xx 000 0 und d | ||
| 020 | _a81-7671-040-7 | ||
| 082 | _a338.5VAI | ||
| 100 |
_aVarian,Hal R. _91379 |
||
| 245 |
_aIntermediate Microeconomics : A Modern Approach/ _cHal R. Varian |
||
| 250 | _a5th ed. | ||
| 260 |
_aNew Delhi : _bAffiliated East-West Press, _cc1999. |
||
| 300 |
_axxiv,662 p. : _c22 cm. |
||
| 650 | _aMicroceconomics | ||
| 650 | _aMicroeconomics | ||
| 856 |
_k0 _l0 _yDownload |
||
| 942 |
_2ddc _cBK |
||
| 999 |
_c4813 _d4813 |
||